Commune du Nord (59) de plus de 10000 habitants - Statistiques

Statistiques générales
  • Ce quiz a été pris 80 fois
  • Le résultat moyen est 22 sur 55
Statistiques - réponses
Habitants Communes % Correct
238695 (préfecture) Lille
100%
99507 Roubaix
92%
99160 Tourcoing
88%
87013 Dunkerque
87%
42979 Valenciennes
87%
39833 Douai
73%
39943 Marcq-en-Barœul
73%
62342 Villeneuve-d'Ascq
69%
26107 Armentières
67%
28879 Maubeuge
67%
31568 Cambrai
65%
40881 Wattrelos
58%
21368 Mons-en-Barœul
54%
21785 Hazebrouck
52%
22161 La Madeleine
48%
22948 Loos
48%
20956 Croix
46%
20622 Denain
46%
27105 Lambersart
46%
13011 Seclin
44%
20674 Wasquehal
44%
14734 Bailleul
42%
18579 Hem
40%
20684 Halluin
38%
11451 Gravelines
35%
19436 Ronchin
35%
16042 Saint-Amand-les-Eaux
35%
15756 Wattignies
35%
20347 Grande-Synthe
33%
13873 Roncq
33%
20833 Coudekerque-Branche
29%
18310 Faches-Thumesnil
29%
14922 Haubourdin
29%
11528 Fourmies
27%
10273 Jeumont
27%
12649 Comines
25%
13987 Lys-lez-Lannoy
25%
11709 Marquette-lez-Lille
25%
13239 Mouvaux
25%
12909 Saint-André-lez-Lille
25%
10984 Wambrechies
25%
10125 Neuville-en-Ferrain
23%
15916 Sin-le-Noble
23%
11902 Somain
21%
13417 Anzin
19%
14032 Caudry
17%
11980 Marly
15%
12140 Raismes
15%
11121 Saint-Saulve
15%
10887 Annœullin
13%
10455 Vieux-Condé
13%
14197 Hautmont
13%
10001 Aniche
12%
10112 Douchy-les-Mines
12%
11584 Bruay-sur-l'Escaut
10%
Aucun quiz correspondant
Distribution des résultats
% des personnes avec chaque résultat
Percentile par nombre de réponses
Votre historique - résultats
Vous n’avez pas pris ce quiz